LEADER 00852nam a2200217 i 4500 001 991003833429707536 005 20020509132916.0 008 000904s1985 it ||| | ita 035 $ab11221380-39ule_inst 035 $aPARLA189412$9ExL 040 $aDip.to Filosofia$bita 100 1 $aCatarsi, Enzo$0170164 245 13$aIl nido competente :$bmetodo osservativo e aggiornamento nell'asilo nido /$ca cura di Enzo Catarsi ; scritti di :$bR. Bassi Neri ... [et al.] 260 $aBergamo :$bJuvenilia,$c1985 300 $a135 p. ;$c24 cm. 907 $a.b11221380$b21-09-06$c01-07-02 912 $a991003833429707536 945 $aLE005 FONDO SEMERARO 260$g1$i2005000082979$lle005$o-$pE0.00$q-$rl$s- $t0$u4$v5$w4$x0$y.i11375474$z01-07-02 996 $aNido competente$9867614 997 $aUNISALENTO 998 $ale005$b01-01-00$cm$da $e-$fita$git $h3$i1 LEADER 00902nam2 22002653i 450 001 PUV0123958 005 20231121125609.0 100 $a20200901d1974 ||||0itac50 ba 101 | $afre 102 $afr 181 1$6z01$ai $bxxxe 182 1$6z01$an 200 0 $a2$fPaul Valery 210 $aParis$cGallimard$d[1974] 215 $aX, 1757 p.$d18 cm. 461 1$1001PUV0123933$12001 $aCahiers$fPaul Valery$gedition etablie, presentee et annotee par Judith Robinson$v2 700 1$aValéry$b, Paul$3CFIV008364$4070$0343147 801 3$aIT$bIT-01$c20200901 850 $aIT-FR0017 899 $aBiblioteca umanistica Giorgio Aprea$bFR0017 $eN 912 $aPUV0123958 950 2$aBiblioteca umanistica Giorgio Aprea$d 52MAG 5 Coll D 52.2$e 52MAG0000190385 VMB RS $fA $h20200901$i20200901 977 $a 52 996 $a2$91697689 997 $aUNICAS